| 000 | 00617nam a2200217 a 4500 | ||
|---|---|---|---|
| 001 | BRCA_5056 | ||
| 005 | 20190320204924.0 | ||
| 008 | 081110s1868----gw-#######---#000-0#ger-# | ||
| 041 | _ager | ||
| 044 | _agw | ||
| 050 | 4 |
_aF1233 _b.M64 1868 |
|
| 100 | 1 |
_aMontlong, Wilhelm _912899 |
|
| 245 | 1 | 0 |
_aAuthentishe enthullungen uber di lekten ereignisse in Mexico _cvon Wilhelm Montlong. |
| 260 |
_aStuttgart, Alemania _bHoffmann _c1868 |
||
| 300 |
_avi, 233 p. _c23 cm. |
||
| 500 | _aD146 | ||
| 650 | 1 | 4 |
_aIntervención francesa _y1861-1867 _912900 |
| 651 | 4 |
_aMéxico _xHistoria _9614 |
|
| 902 | _aGFM | ||
| 942 |
_2lcc _cB |
||
| 999 |
_c4750 _d4750 |
||